LEADER 01194nam0 22002773i 450 001 SUN0082682 005 20110316085711.419 100 $a20110316d1979 |0itac50 ba 101 $aita 102 $aIT 105 $a|||| ||||| 200 1 $aEtologia$fdi Danilo Mainardi e Marisa Mainardi$gdisegni di Adriano Vignola 210 $aPadova$cPiccin$d1979 215 $a63 p.$cill.$d24 cm. 410 1$1001SUN0082647$12001 $aQuaderni di biologia. Serie rossa$v29$1210 $aPadova$cPiccin. 620 $dPadova$3SUNL000007 700 1$aMainardi$b, Danilo$3SUNV014087$076436 701 1$aMainardi$b, Marisa$3SUNV068443$077261 702 1$aVignola$b, Adriano$3SUNV068444 712 $aPiccin$3SUNV000025$4650 801 $aIT$bSOL$c20181109$gRICA 912 $aSUN0082682 950 $aUFFICIO DI BIBLIOTECA DEL DIPARTIMENTO DI SCIENZE E TECNOLOGIE AMBIENTALI BIOLOGICHE E FARMACEUTICHE$d17 CONS Ka36 $e17 FMF3051 995 $aUFFICIO DI BIBLIOTECA DEL DIPARTIMENTO DI SCIENZE E TECNOLOGIE AMBIENTALI BIOLOGICHE E FARMACEUTICHE$bIT-CE0101$gFMF$h3051$kCONS Ka36$oc$qa 996 $aEtologia$9408932 997 $aUNICAMPANIA LEADER 01055nam2-2200361---450- 001 990001403920203316 005 20050525150707.0 035 $a000140392 035 $aUSA01000140392 035 $a(ALEPH)000140392USA01 035 $a000140392 100 $a20040209d1977----km-y0itay0103----ba 101 $ager 102 $aDE 105 $a||||||||001yy 200 1 $a<<11.>> : Politische Messungen, Pestzeit, Wormarz$fErnst Bloch 210 $aFrankfurt am Main$cSuhrkamp$d1977 215 $a341 p.$d17 cm 410 0$12001 454 1$12001 461 1$1001000140297$12001$aGesamtausgabe in 16. banden 676 $a229 700 1$aBLOCH,$bErnst$0433957 801 0$aIT$bsalbc$gISBD 912 $a990001403920203316 951 $bII.1.D. 841/11 (IV A 590/11)$b82167 L.M.$cIV C 959 $aBK 969 $aUMA 979 $aSIAV5$b10$c20040209$lUSA01$h1210 979 $aPATRY$b90$c20040406$lUSA01$h1739 979 $aCOPAT4$b90$c20050525$lUSA01$h1507 996 $aPolitische Messungen, Pestzeit, Wormarz$9930670 997 $aUNISA LEADER 01083nam a2200241 i 4500 001 991000818359707536 008 050209s2003 it b 001 0 ita d 020 $a8884760364 035 $ab13277649-39ule_inst 040 $aDip.to Filologia Ling. e Lett.$bita 100 1 $aAntonelli, Giuseppe$079006 245 10$aTipologia linguistica del genere Epistolare nel primo Ottocento :$bsondfaggi sulle lettere familiari di Mittenti Còlti /$cGiueppe Antonelli 260 $aRoma :$bedizioni dell'Ateneo ;$c2003 300 $a272 p. ;$c24 cm 440 0$aItaliana. Per la storia della lingua scritta italiana ;$v3 504 $aInclude bbliografia e indice dei nomi 650 4$aGrammatica epistolare$xFonoloia 907 $a.b13277649$b02-04-14$c09-02-05 912 $a991000818359707536 945 $aLE008 FL.M. (f.r.) XXII C 293$g1$i2008000096380$lle008$nColuccia$o-$pE0.00$q-$rl$s- $t0$u4$v1$w4$x0$y.i14002516$z09-02-05 996 $aTipologia linguistica del genere epistolare nel primo Ottocento$9739714 997 $aUNISALENTO 998 $ale008$b09-02-05$cm$da $e-$fita$git $h0$i0